Boletín de relaciones exteriores. (Registro nro. 36495)
[ vista simple ]
| 000 -CABECERA | |
|---|---|
| campo de control de longitud fija | 00659nas a2200217 a 4500 |
| 001 - NÚMERO DE CONTROL | |
| campo de control | 000037005 |
| 003 - IDENTIFICADOR DEL NÚMERO DE CONTROL | |
| campo de control | DLC |
| 005 - FECHA Y HORA DE LA ÚLTIMA TRANSACCIÓN | |
| campo de control | 20240917110911.0 |
| 008 - DATOS DE LONGITUD FIJA--INFORMACIÓN GENERAL | |
| campo de control de longitud fija | 120208c19379999dr ur1pdd 0 0spa d |
| 040 ## - FUENTE DE LA CATALOGACIÓN | |
| Centro catalogador/agencia de origen | DO-SdBNP |
| Lengua de catalogación | spa |
| Centro/agencia transcriptor | DO-SdBNP |
| Normas de descripción | rda |
| 041 ## - CÓDIGO DE LENGUA | |
| Código de lengua original | spa |
| 043 ## - CÓDIGO DE ÁREA GEOGRÁFICA | |
| Código de área geográfica | nwdr |
| 245 00 - MENCIÓN DE TÍTULO | |
| Título | Boletín de relaciones exteriores. |
| 260 ## - PUBLICACIÓN, DISTRIBUCIÓN, ETC. | |
| Lugar de publicación, distribución, etc. | Ciudad Trujillo, República Dominicana : |
| Nombre del editor, distribuidor, etc. | Secretaria de Estado de Relaciones Exteriores, |
| Fecha de publicación, distribución, etc. | 1937. |
| 300 ## - DESCRIPCIÓN FÍSICA | |
| Extensión | v. ; |
| Dimensiones | 28 cm. |
| 310 ## - PERIODICIDAD ACTUAL | |
| Periodicidad actual | Vol. IIL Núm. 1, Enero 1937 |
| 362 ## - FECHAS DE PUBLICACIÓN Y/O DESIGNACIÓN SECUENCIAL | |
| Fecha de publicación y/o designación secuencial | 1937 |
| 650 #0 - PUNTO DE ACCESO ADICIONAL DE MATERIA--TÉRMINO DE MATERIA | |
| Término de materia o nombre geográfico como elemento de entrada | Relaciones exteriores |
| Subdivisión geográfica | República Dominicana |
| 9 (RLIN) | 63407 |
| 651 #0 - PUNTO DE ACCESO ADICIONAL DE MATERIA--NOMBRE GEOGRÁFICO | |
| Nombre geográfico | República Dominicana |
| 9 (RLIN) | 10483 |
| 942 ## - ELEMENTOS DE PUNTO DE ACCESO ADICIONAL (KOHA) | |
| Fuente del sistema de clasificación o colocación | Dewey Decimal Classification |
| Tipo de ítem Koha | Publicación periódica |
No hay ítems disponibles.
